000 00990cam a2200313 i 4500
999 _c200431520
_d49732
001 200431520
003 TR-AnTOB
005 20230606001027.0
007 ta
008 980814s2007 tu a 000 0 tur d
020 _a9789944295055
_qhardback
040 _aOSU
_beng
_cOSU
_dCUY
_dBGZ
_eTR-AnTOB
041 0 _atur
043 _aa-tu---
050 1 4 _aDR589
090 _aDR589
_b.M83 2007
100 1 _aMüderrisoğlu, Alptekin
_4author
_98638
245 1 0 _aYoksulların zaferi :
_bfotoğraflarla Kurtuluş Savaşı'nın maddi ve mali kaynakları /
_cAlptekin Müderrisoğlu.
250 _a1. Basım
_bAğustos 2007
264 1 _aAnkara :
_bDeniz Kültür Yayınları,
_c2007.
300 _a315 pages :
_billustrations ;
_c29 cm
336 _atext
_btxt
_2rdacontent
337 _aunmediated
_bn
_2rdamedia
338 _avolume
_2rdacarrier
_bnc
651 0 _aTürkiye
_xTarih
_yKurtuluş Savaşı, 1918-1923
_910811
942 _2lcc
_cBK